Here's more tell me why : (Record no. 132934)

MARC details
000 -LEADER
fixed length control field 00725nam a22002297a 4500
005 - DATE AND TIME OF LATEST TRANSACTION
control field 20170124110201.0
010 ## - LIBRARY OF CONGRESS CONTROL NUMBER
LC control number A-859104
020 ## - INTERNATIONAL STANDARD BOOK NUMBER
Terms of availability 00.00
International Standard Book Number 0603550169
035 ## - SYSTEM CONTROL NUMBER
System control number A-859104
037 ## - SOURCE OF ACQUISITION
Source of stock number/acquisition Cen Lib/Ret
040 ## - CATALOGING SOURCE
Original cataloging agency DPL
Language of cataloging EN
082 ## - DEWEY DECIMAL CLASSIFICATION NUMBER
Classification number 001
Item number LEO
100 ## - MAIN ENTRY--PERSONAL NAME
Personal name Leokum, Arkady
9 (RLIN) 91000
245 ## - TITLE STATEMENT
Title Here's more tell me why :
Statement of responsibility, etc by Arkady Leokum; illustrated by Frank Aloise
Remainder of title enlightening answers to questions children ask /
260 ## - PUBLICATION, DISTRIBUTION, ETC. (IMPRINT)
Place of publication, distribution, etc New York
Name of publisher, distributor, etc The Putnam and Grosset
Date of publication, distribution, etc 1997
270 ## - ADDRESS
City New York
300 ## - PHYSICAL DESCRIPTION
Extent 331p.:
Dimensions 21cm(Hb)
Other physical details ill.
500 ## - GENERAL NOTE
General note Includes index.
650 ## - SUBJECT ADDED ENTRY--TOPICAL TERM
Topical term or geographic name as entry element Children's questions and answers
9 (RLIN) 91001
700 ## - ADDED ENTRY--PERSONAL NAME
Personal name Aloise, Frank
9 (RLIN) 36215
942 ## - ADDED ENTRY ELEMENTS (KOHA)
Source of classification or shelving scheme Dewey Decimal Classification
Koha item type English Books
Classification part 001
Call number suffix LEO
Holdings
Withdrawn status Lost status Damaged status Not for loan Home library Current library Date acquired Source of acquisition Cost, normal purchase price Total Checkouts Full call number Barcode Date last seen Copy number Cost, replacement price Price effective from Koha item type Public note Source of classification or shelving scheme Collection code Date checked out
Written off       Central Library Central Library 24/07/2015 Cen Lib/Ret 0.00   001 LEO A-859104 24/07/2015 1 0.00 24/07/2015 English Books W/d list no. 6803/15      
        Sarojini Nagar Sarojini Nagar 02/05/2019       001 LEO A-639610 02/05/2019     02/05/2019 English Books   Dewey Decimal Classification Non-fiction  
        Sarojini Nagar Sarojini Nagar 02/05/2019     2 001 LEO A-859115 29/11/2022     02/05/2019 English Books   Dewey Decimal Classification Non-fiction 16/08/2022
        Sarojini Nagar Sarojini Nagar 02/05/2019       001 LEO A-639802 02/05/2019     02/05/2019 English Books   Dewey Decimal Classification Non-fiction  

© Delhi Public Library
Hit Counter
free hit counter